Richard the third

Zapisane w:
Opis bibliograficzny
1. autor: Shakespeare, William
Format: Książka
Język:Undetermined
Wydane: New York, Estados Unidos Pocket Books 1971
Hasła przedmiotowe:
Etykiety: Dodaj etykietę
Nie ma etykietki, Dołącz pierwszą etykiete!

MARC

LEADER 00000nam a2200000Ia 4500
008 170316s9999 xx 000 0 und d
040 |a cru BVZT 
090 |a 820 S-5ri 
100 |a Shakespeare, William 
245 |a Richard the third 
260 |a New York, Estados Unidos 
260 |b Pocket Books 
260 |c 1971 
300 |a 148 páginas 
650 |a LITERATURA INGLESA 
650 |a EN IDIOMA INGLÉS 
650 |a TRAGEDIA 
999 |c 7175  |d 7175 
942 |c 15 D  |h 820 S-5ri  |2 z